- Matos Moctezuma, Eduardo
Entry Nombre Personal
001 - NUMERO DE CONTROL
- campo de control: 29027
003 - IDENTIFICADOR DE NUMERO DE CONTROL
- campo de control: DLC
005 - FECHA Y HORA DE LA ÜLTIMA TRANSACCIÓN
- campo de control: 20250619094319.0
008 - DATOS DE LONGITUD FIJA
- campo de control de longitud fija: 801231n| azannaabn |a aaa
010 ## - NÚMERO DE CONTROL DE LA BIBLIOTECA DEL CONGRESO
- Número de control LC: n 80155988
- Número de Control LC Cancelado/inválido: n 83026181
035 ## - NUMERO DE CONTROL
- Número de control: (OCoLC)oca00535916
040 ## - FUENTE DE CATALOGACIÓN
- Agencia original de catalogación: DLC
- Lenguaje de catalogación: spa
- Description conventions: rda
- Agencia de transcripción: DLC
- Agencia que lo modifica: DLC
- Agencia que lo modifica: OCoLC
- Agencia que lo modifica: UPB
- Agencia que lo modifica: DLC
- Agencia que lo modifica: ScU
- Agencia que lo modifica: MX-MxUPN
046 ## - FECHAS CON CODIFICACIÓN ESPECIAL
- Fecha de nacimiento: 1940-12-11
- Fuente del formato de fecha: edtf
100 1# - ENCABEZAMIENTO - NOMBRE PERSONAL
- Nombre personal: Matos Moctezuma, Eduardo
370 ## - LUGAR ASOCIADO
- Place of birth: Ciudad de México
- Associated country: México
373 ## - GRUPO ASOCIADO
- Associated group: Instituto Nacional de Antropología e Historia (Mexico)
- Fuente del término: naf
377 ## - LENGUA ASOCIADA
- Language code: spa
400 1# - VEÁSE - NOMBRE DE PERSONA
- Personal name: Matos, Eduardo
400 1# - VEÁSE - NOMBRE DE PERSONA
- Personal name: Matos Moctezuma, Eduardo,
- Dates associated with a name: 1940-
670 ## - FUENTE EN LA QUE SE LOCALIZARON DATOS
- Cita de la fuente: México prehispánico y colonial, 1967.
670 ## - FUENTE EN LA QUE SE LOCALIZARON DATOS
- Cita de la fuente: Mexique d'hier et d'aujour'hui, c1981:
- Información localizada: p. 52 (prof. Eduardo Matos)
670 ## - FUENTE EN LA QUE SE LOCALIZARON DATOS
- Cita de la fuente: Ideas acerca del origen del hombre americano ... 1987:
- Información localizada: portada (Eduardo Matos Moctezuma) p. 4 de la cubierta (b. 12-11-40, México, D.F.)
670 ## - FUENTE EN LA QUE SE LOCALIZARON DATOS
- Cita de la fuente: The Oxford handbook of the Aztecs, 2017:
- Información localizada: página xxviii (Eduardo Matos Moctezuma, Instituo Nacional de Antropología e Historia)
670 ## - FUENTE EN LA QUE SE LOCALIZARON DATOS
- Cita de la fuente: La aqueología, 2018:
- Información localizada: portada (Eduardo Matos Moctezuma)
902 ## - CATALOGADOR
- Catalogador: Víctor Ruiz/190625
